| 000 | 01214cam a2200349 a 4500 | ||
|---|---|---|---|
| 001 | 5955 | ||
| 003 | FISKH | ||
| 005 | 20250211103941.0 | ||
| 008 | 110318s2012 nyua c 000 1 eng | ||
| 010 | _a 2011009145 | ||
| 020 | _a9780061976087 (trade bdg.) | ||
| 020 | _a9780061976094 (lib. bdg.) | ||
| 020 | _a9780545604253 | ||
| 040 |
_aDLC _cDLC _dDLC _beng |
||
| 042 |
_alcac _apcc |
||
| 050 | _aPZ7.S9109 G | ||
| 082 | _a813.6 | ||
| 100 | 1 |
_aStratton, Allan _d(1951-) |
|
| 245 | 1 | 4 |
_aThe grave robber's apprentice / _cAllan Stratton. |
| 250 | _aThis edition first published in 2013 | ||
| 260 |
_aNew York : _bScholastic, _c2012. |
||
| 300 |
_a277 pages : _billustrations ; _c20 cm |
||
| 505 | _aP | ||
| 520 | _aHans, a foundling raised by a grave robber, helps Countess Angela Gabriela, nearly thirteen, when she is torn away from her dream of being a professional puppeteer by an evil archduke out to destroy her and her parents. | ||
| 521 | 8 |
_a650
_bLexile |
|
| 521 | 8 |
_aP
_bRaz-Plus |
|
| 650 | 1 |
_aAdventure and adventurers _vFiction. |
|
| 650 | 1 |
_aAristocracy (Social class) _vFiction. |
|
| 906 |
_a7 _bcbc _corignew _d1 _eecip _f20 _gy-gencatlg |
||
| 942 |
_2ddc _cBK _n0 |
||
| 999 |
_c5955 _d5955 |
||